Horses and horse sense : the practical science of horse husbandry /

Bibliographic Details
Main Author: Blakely, James, 1934-
Corporate Author: NetLibrary, Inc
Format: eBook
Language:English
Published: Plano, Tex. : Republic of Texas Press, [1997]
Subjects:
Online Access:Connect to the full text of this electronic book

MARC

Tag First Indicator Second Indicator Subfields
LEADER 00000cam a2200000La 4500
001 in00001753693
005 20220105121052.0
006 m u
007 cr cn-
008 000807s1997 txua sb 001 0 eng d
010 |z  96013548  
020 |a 0585244049 (electronic bk.) :  |c $24.95 
020 |z 1556224834 (pbk.) 
035 |a (OCoLC)ocm44960094 
040 |a N$T  |c N$T  |d OCL  |d UtOrBLW 
049 |a IKMN 
050 1 4 |a SF285  |b .B64 1997eb 
082 0 4 |a 636.1  |2 20 
100 1 |a Blakely, James,  |d 1934-  |0 http://id.loc.gov/authorities/names/n78048567 
245 1 0 |a Horses and horse sense :  |b the practical science of horse husbandry /  |c James Blakely. 
264 1 |a Plano, Tex. :  |b Republic of Texas Press,  |c [1997] 
264 4 |c ©1997 
300 |a xii, 446 pages :  |b illustrations ;  |c 23 cm. 
336 |a text  |b txt  |2 rdacontent 
337 |a computer  |b c  |2 rdamedia 
338 |a online resource  |b cr  |2 rdacarrier 
504 |a Includes bibliographical references and index. 
533 |a Electronic reproduction.  |b Boulder, Colo. :  |c NetLibrary,  |d 2000.  |n Available via the World Wide Web.  |n Available in multiple electronic file formats.  |n Access may be limited to NetLibrary affiliated libraries. 
500 |a Electronic resource. 
650 0 |a Horses.  |0 http://id.loc.gov/authorities/subjects/sh85062160 
655 7 |a Electronic books.  |2 local 
710 2 |a NetLibrary, Inc.  |0 http://id.loc.gov/authorities/names/no99080690 
776 1 |c Original  |w (DLC) 96013548  |w (OCoLC)34409379 
856 4 1 |u https://proxy.library.tamu.edu/login?url=http://www.netLibrary.com/urlapi.asp?action=summary&v=1&bookid=28271  |z Connect to the full text of this electronic book  |t 0 
994 |a 92  |b IKM 
999 |a MARS 
999 f f |s 4d19e3e6-ec66-3327-b306-1fafc717673f  |i 7ed84a24-cc41-3292-96cf-b00f54d4c27d  |t 0 
952 f f |a Texas A&M University  |b College Station  |c Electronic Resources  |d Available Online  |t 0  |e SF285 .B64 1997eb  |h Library of Congress classification 
998 f f |a SF285 .B64 1997eb  |t 0  |l Available Online